Автоматизация сварки неповоротных стыков при строительстве магистральных трубопроводов; Проблемы геологии и освоения недр; Т. 2

Detalles Bibliográficos
Parent link:Проблемы геологии и освоения недр: труды XX Международного симпозиума имени академика М. А. Усова студентов и молодых ученых, посвященного 120-летию со дня основания Томского политехнического университета, Томск, 4-8 апреля 2016 г./ Национальный исследовательский Томский политехнический университет (ТПУ), Институт природных ресурсов (ИПР) ; Общество инженеров-нефтяников, международная некоммерческая организация, Студенческий чаптер ; под ред. А. Ю. Дмитриева.— , 2016
Т. 2.— 2016.— [С. 942-944]
Autor Principal: Перфильев Н. А.
Autor Corporativo: Национальный исследовательский Томский политехнический университет (ТПУ) Институт природных ресурсов (ИПР) Кафедра транспорта и хранения нефти и газа (ТХНГ)
Outros autores: Бородина Т. В. (научный руководитель), Верёвкин А. В. Алексей Валерьевич
Summary:Заглавие с экрана
Idioma:ruso
Publicado: 2016
Series:Современные техника и технологии транспортировки и хранения нефти и газа
Subjects:
Acceso en liña:http://earchive.tpu.ru/handle/11683/32153
Formato: Electrónico Capítulo de libro
KOHA link:https://koha.lib.tpu.ru/cgi-bin/koha/opac-detail.pl?biblionumber=620146

MARC

LEADER 00000naa2a2200000 4500
001 620146
005 20231101133109.0
035 |a (RuTPU)RU\TPU\conf\18620 
035 |a RU\TPU\conf\18610 
090 |a 620146 
100 |a 20160920d2016 k y0rusy50 ca 
101 0 |a rus 
102 |a RU 
105 |a y z 100zy 
135 |a drgn ---uucaa 
181 0 |a i  
182 0 |a b 
200 1 |a Автоматизация сварки неповоротных стыков при строительстве магистральных трубопроводов  |f Н. А. Перфильев, Т. В. Бородина  |g науч. рук. А. В. Верёвкин 
203 |a Текст  |c электронный 
225 1 |a Современные техника и технологии транспортировки и хранения нефти и газа 
230 |a 1 компьютерный файл (pdf; 426 Kb) 
300 |a Заглавие с экрана 
320 |a [Библиогр.: с. 944 (3 назв.)] 
461 1 |0 (RuTPU)RU\TPU\conf\17456  |t Проблемы геологии и освоения недр  |o труды XX Международного симпозиума имени академика М. А. Усова студентов и молодых ученых, посвященного 120-летию со дня основания Томского политехнического университета, Томск, 4-8 апреля 2016 г.  |o в 2 т.  |f Национальный исследовательский Томский политехнический университет (ТПУ), Институт природных ресурсов (ИПР) ; Общество инженеров-нефтяников, международная некоммерческая организация, Студенческий чаптер ; под ред. А. Ю. Дмитриева  |d 2016 
463 1 |0 (RuTPU)RU\TPU\conf\17458  |t Т. 2  |v [С. 942-944]  |d 2016 
610 1 |a труды учёных ТПУ 
610 1 |a электронный ресурс 
610 1 |a автоматизация 
610 1 |a сварка 
610 1 |a неповоротные стыки 
610 1 |a строительство 
610 1 |a магистральные трубопроводы 
610 1 |a дуговые процессы 
700 1 |a Перфильев  |b Н. А. 
701 1 |a Бородина  |b Т. В. 
702 1 |a Верёвкин  |b А. В.  |c специалист в области нефтегазового дела  |c доцент Томского политехнического университета, кандидат технических наук  |f 1978-  |g Алексей Валерьевич  |2 stltpush  |4 727 
712 0 2 |a Национальный исследовательский Томский политехнический университет (ТПУ)  |b Институт природных ресурсов (ИПР)  |b Кафедра транспорта и хранения нефти и газа (ТХНГ)  |h 257  |2 stltpush  |3 (RuTPU)RU\TPU\col\18661 
801 2 |a RU  |b 63413507  |c 20160930  |g RCR 
856 4 |u http://earchive.tpu.ru/handle/11683/32153 
942 |c BK